| 000 | 00699nam a22002055i 4500 | ||
|---|---|---|---|
| 001 | 98816 | ||
| 003 | ES-MaACL | ||
| 005 | 20250824074917.0 | ||
| 007 | t| | ||
| 008 | 950918s1898 sp ||||1| spa d | ||
| 040 |
_aCAM _bspa _cCAM |
||
| 100 | 1 |
_aEchegaray, José, _d1832-1916 _946526 |
|
| 245 | 1 | 3 |
_aLa duda _b: drama en tres actos y en prosa / _coriginal de José Echegaray. |
| 260 |
_aMadrid : _bFlorencio Fiscowich, _c1898 ( _fImp. R. Velasco) |
||
| 300 |
_a72 p. ; _c20 cm. |
||
| 490 | 1 | _aEl Teatro: colección de obras dramáticas y líricas | |
| 830 | 0 | 3 |
_aEl teatro: colección de obras dramática y líricas _9221753 |
| 852 |
_aES-MaACL _jB-3101(5) |
||
| 999 |
_c98816 _d98816 |
||